00690nam a2200217Ia 4500003000400000005001700004008004100021040000700062041001200069082001500081100002200096245004100118260005800159365001300217650002200230650002900252906003400281942001200315999001900327952012600346OSt20250828175959.0210423s1999 xx 000 0 und d cAL aEnglish a331 bJOSL aJoshi M V9113896 aLabour economics and labour problems aNew DelhibAtlantic Publishers and Distributorsc1999 b295cINR aEconomics9113897 aLabour Economics9113898 aeconomics ; Labour ; problems 2ddccBK c173219d173219 001040708MSWaSACPGbSACPGd2002-08-19eBook Worldg295.00l0o331 JOSLpPG019799r2022-08-24 00:00:00w2021-04-26yBK